Statistics for awesome harry potter name quiz

Click here to take the quiz!

General Stats

  • This quiz has been taken 40 times
  • The average score is 14 of 23

Answer Stats

HintAnswer% Correct
malfoys got detention i could sing!hermione granger
97%
i dont go looking for trouble!harry potter
92%
when in doubt, go to the library!ron weasley
92%
but we're not stupid, we know we're called gred and forge!george weasley
86%
I've always wanted to use that spell!minerva mcgonnagal
86%
we knew you wouldn't die harry!fred weasley
81%
who wants to see me take off snivilly's trousers!james potter
78%
bloody chicken!draco malfoy
75%
mama loves you, dada loves youlily potter
75%
nothing like a nighttime stroll to give you ideasalbus dumbledore
72%
i was trying to make a world in which he could live a happier liferemus lupin
72%
what's life without a little risk!sirius black
72%
well it might have escaped your notice but, life. isnt. fair.severus snape
69%
never, as long as i've lived!molly weasley
58%
that was very wrong of you boys, very wrong of you.arthur weasley
53%
mad! he's a genius!percy weasley
42%
you could be great you know!the sorting hat
39%
what do i care how he looks?fleur delacour
33%
hope to repay the favour one daybill weasley
31%
how're you doing harry?charlie weasley
25%
i'm sure we're all going to be very good friendsdelores umbridge
22%
anything's possible if youve got enough nerveginerva weasley
17%
its me... its ___... your friend! you wouldn't!peter petegrew
11%

Score Distribution

Percentile by Number Answered

Percent of People with Each Score

Your Score History

You have not taken this quiz